Physics m.sc., entrance exams preparation material : (Record no. 141252)
[ view plain ]
| 000 -LEADER | |
|---|---|
| fixed length control field | 00618nam a22001817a 4500 |
| 005 - DATE AND TIME OF LATEST TRANSACTION | |
| control field | 20170630155654.0 |
| 010 ## - LCCN (DPL NO) | |
| LC control number | ENG-118731 |
| 020 ## - INTERNATIONAL STANDARD BOOK NUMBER | |
| Terms of availability | 175.00 |
| 035 ## - SYSTEM CONTROL NUMBER | |
| System control number | EN-102263 |
| 037 ## - SOURCE OF ACQUISITION | |
| Source of stock number/acquisition | DBAD/PUB |
| 082 ## - DEWEY DECIMAL CLASSIFICATION NUMBER | |
| Classification number | 530 |
| 100 ## - MAIN ENTRY--PERSONAL NAME | |
| Personal name | Krishnamurthy, V. |
| 245 ## - TITLE STATEMENT | |
| Title | Physics m.sc., entrance exams preparation material : |
| Statement of responsibility, etc | by V. Krishnamurthy |
| Remainder of title | useful for all universities and other competitive exams / |
| 260 ## - PUBLICATION, DISTRIBUTION, ETC. (IMPRINT) | |
| Place of publication, distribution, etc | Hyderabad |
| Name of publisher, distributor, etc | Lorven Publications |
| Date of publication, distribution, etc | 2010 |
| 270 ## - ADDRESS | |
| Address | 3-5- 1108, Maruthi Complex, Narayanguda |
| City | Hyderbad |
| Postal code | 500029 |
| 300 ## - PHYSICAL DESCRIPTION | |
| Extent | various pages. |
| Dimensions | 23cm(pbk) |
| 942 ## - ADDED ENTRY ELEMENTS (KOHA) | |
| Source of classification or shelving scheme | Dewey Decimal Classification |
| Item type | English Books |
| Classification part | 530 |
| Call number suffix | KRI |
| Withdrawn status | Lost status | Not for loan | Collection code | Home library | Current library | Date acquired | Source of acquisition | Cost, normal purchase price | Full call number | Barcode | Copy number | Cost, replacement price | Koha item type |
|---|---|---|---|---|---|---|---|---|---|---|---|---|---|
| Non-fiction | Patel Nagar | Patel Nagar | 16/06/2017 | DBAD/PUB | 175.00 | 530 KRI | EN-102263 | 1095.00 | 175.00 | English Books |
